000 01226nam a2200229 a 4500
999 _c1345
_d1345
003 AR-BaISA
005 20230725185621.0
006 a||||fr|||| 00| 0
007 ta
008 230725s1999 ag ||||f |||| 00| 0 spa d
020 _a9507248625
040 _bspa
_cAR-BaISA
082 0 4 _222
_a155.4 V889
100 _92940
_aVolnovich, Juan Carlos
_eaut.
245 1 3 _aEl niño del "siglo del niño" /
_cJuan Carlos Volnovich
260 _aBuenos Aires:
_bLumen,
_cc1999
300 _a[160] p.
490 _aMinoridad y familia
505 _tEl niño del "siglo del siglo" --
_tLos que viven en el margen de la sociedad civil --
_tLos chicos como sujetos de derecho antes que como objetos del tutelaje --
_tNiños asesinos o niños asesinados --
_tLos chicos de la cibercultura --
_tJuicios y prejuicios acerca del impacto del Internet en los chicos --
_tDesafíos actuales en la clínica con los niños --
_tLa niñez, el inconsciente y nuestra cultura actual --
_tEl cuerpo del niño y la niña: ayer y hoy --
_tLa "inocente" sexualidad de los varones y la sexualidad "culpable" de las niñas --
_tEstudio y trabajo en la formación de los jóvenes cubanos
650 1 4 _91932
_aPsicología infantil
942 _2ddc
_cLI
_e22